| 000 | 01775nam0a2200337 4500 | ||
|---|---|---|---|
| 001 | RU\NLR\bibl\40286 | ||
| 005 | 20260406204720.0 | ||
| 035 | _a(NLR Aleph) 000039289 | ||
| 090 |
_a204138 _c204138 |
||
| 100 | _a19990726d1998 |||y0rusy50 ca | ||
| 101 | 0 | _arus | |
| 102 | _aRU | ||
| 105 | _aa ||||||||| | ||
| 200 | 1 |
_aБалинтовские группы и супервизия в подготовке специалистов, работающих с людьми _eУчеб. пособие _f[В.А. Винокур, О.В. Кремлева, С.А. Кулаков и др.] _gМВД России. С.-Петерб. акад., С.-Петерб. мед. акад. последиплом. образования |
|
| 210 |
_aСПб. _cС.-Петерб. акад. МВД России _d1998 |
||
| 215 |
_a82 с. _cил. _d20 |
||
| 300 | _aВ вып. дан. авт.: В.А. Винокур, к. мед. н., доц. и др. | ||
| 320 | _aБиблиогр.: с. 74-78 | ||
| 606 | 0 |
_aБалинтовские группы _jРуководства, пособия и т.п. _92099321 _3RU\NLR\auth\661269850 |
|
| 606 | 0 |
_aСупервизия _jРуководства, пособия и т.п. _92099324 _3RU\NLR\auth\661269851 |
|
| 686 | _aЮ948.1-82 | ||
| 701 | 1 |
_aВинокур _bВ. А. _gВладимир Александрович _4070 |
|
| 701 | 1 |
_aКремлева _bО. В. _gОльга Владимировна _4070 |
|
| 712 | 0 | 2 |
_4570 _aСанкт-Петербургская академия МВД России _3RU\NLR\AUTH\889965163 _9426573 |
| 801 | 0 |
_aRU _bNLR _c19990726 _gPSBO |
|
| 801 | 1 |
_aRU _bNLR _c19990726 |
|
| 852 |
_aNLR _j99-4/4051 |
||
| 942 | _cBOOK | ||
| 980 | _aNB | ||